Noticias bibliográficas sobre la Colección de Historiadores de Chile y Documentos relativos a la Historia Nacional
Wedi'i Gadw mewn:
| Prif Awdur: | |
|---|---|
| Fformat: | Llyfr |
| Iaith: | Sbaeneg |
| Cyhoeddwyd: |
Santiago
Imprenta de Enrique Blanchard Chessi
1905
|
| Rhifyn: | 1a. ed |
| Pynciau: | |
| Tagiau: |
Ychwanegu Tag
Dim Tagiau, Byddwch y cyntaf i dagio'r cofnod hwn!
|
MARC
| LEADER | 00000nam a2200000 a 4500 | ||
|---|---|---|---|
| 001 | UCJ7871 | ||
| 003 | CL-VaPUC | ||
| 008 | 070124e19050000CL |||||||||||||||||spa|d | ||
| 082 | 0 | 4 | |a 983 |b CHI |2 21 |
| 100 | 0 | |a Chiappa, Víctor Manuel |e author |9 506170 | |
| 245 | 1 | 0 | |a Noticias bibliográficas sobre la Colección de Historiadores de Chile y Documentos relativos a la Historia Nacional |
| 250 | |a 1a. ed | ||
| 300 | |a 44 p | ||
| 942 | |c BK | ||
| 945 | |d 20070124 00:00:00 |a rinostro | ||
| 260 | |a Santiago |b Imprenta de Enrique Blanchard Chessi |c 1905 | ||
| 500 | |a Esta obra se encuentra a continuación de la Colección de Historiadores de Chile | ||
| 600 | 0 | 7 | |a COLECCION DE HISTORIADORES DE CHILE |2 CL-VaPUC |9 445825 |
| 650 | 7 | |a HISTORIA DE CHILE, BIBLIOGRAFIA |2 CL-VaPUC |9 516306 | |
| 650 | 7 | |a BIBLIOGRAFIA |2 CL-VaPUC |9 256175 | |
| 650 | 0 | |a Historiografía |9 257871 | |
| 583 | |a last modification |c 20070124 00:00:00 |k Rodrigo Vera | ||
| 999 | |c 323737 |d 323735 | ||
| 952 | |0 0 |1 0 |4 0 |6 983_000000000000000_CHI_1905 |7 0 |8 X |9 403515 |a FDOBUD |b FDOBUD |d 2019-11-22 |i 1069853 |o 983 CHI 1905 |p 1069853 |r 2019-11-22 |w 2019-11-22 |y BK_X |k BUD | ||